000 00547nam a2200205 a 4500
001 BRCA_4306
005 20190320204624.0
008 250610s1962----nyua######---#000-0#eng-#
041 _aeng
044 _anyu
050 4 _aPN6231
_b.F74 1962
100 1 _aFredericks, Vic
_911061
245 1 0 _aMore for Doctors only ...
_cVic Fredericks.
260 _aNueva York
_bPocket Books
_c1962
300 _a164 p.
_bil.
_c16 cm.
500 _aCEF101
650 1 4 _aMedicina
_xAnécdotas, chistes, sátiras, etc.
_911062
902 _aGFM
942 _2lcc
_cB
999 _c4017
_d4017